KOHA-Header-6

Computer Organization & Design (Record no. 970)

000 -LEADER
fixed length control field 00398nam a2200169Ia 4500
003 - CONTROL NUMBER IDENTIFIER
control field OSt
005 - DATE AND TIME OF LATEST TRANSACTION
control field 20190923144527.0
008 - FIXED-LENGTH DATA ELEMENTS--GENERAL INFORMATION
fixed length control field 190722s9999 xx 000 0 und d
020 ## - INTERNATIONAL STANDARD BOOK NUMBER
International Standard Book Number 978-0124077263
040 ## - CATALOGING SOURCE
Transcribing agency maju
100 ## - MAIN ENTRY--PERSONAL NAME
Personal name David Patterson
245 #0 - TITLE STATEMENT
Title Computer Organization & Design
250 ## - EDITION STATEMENT
Edition statement 5th
260 ## - PUBLICATION, DISTRIBUTION, ETC. (IMPRINT)
Place of publication, distribution, etc New Delhi
Name of publisher, distributor, etc Morgan Kaufmann
Date of publication, distribution, etc 2014
300 ## - PHYSICAL DESCRIPTION
Extent 775
942 ## - ADDED ENTRY ELEMENTS (KOHA)
Koha item type Books
Source of classification or shelving scheme
Holdings
Withdrawn status Lost status Damaged status Not for loan Collection code Permanent Location Current Location Shelving location Date acquired Full call number Barcode Date last seen Price effective from Koha item type
      Not For Loan Computer Science MAJU MAJU   2019-07-22 4.22 7595 2019-07-22 2019-07-22 Computer Science

Powered by Koha